Lanean...

Clinical chemistry /

Xehetasun bibliografikoak
Egile nagusia: Marshall, WIlliam J.
Beste egile batzuk: Bangert, Stephen. K.
Formatua: Printed Book
Hizkuntza:English
Argitaratua: Edinburgh : Mosby Elsevier, 2012.
Edizioa:7th ed.
Gaiak:
LEADER 00698nam a2200181Ia 4500
008 160121b xxu||||| |||| 00| 0 eng d
020 |a 9780723437048 
082 |a 616.075  |2 23 
100 |a Marshall, WIlliam J. 
245 |a Clinical chemistry /  |c  WIlliam J. Marshall and Stephen. K. Bangert 
250 |a 7th ed. 
260 |a Edinburgh :  |b Mosby Elsevier,  |c 2012. 
300 |a 367 p. 
653 |a Clinical chemistry 
700 |a Bangert, Stephen. K. 
942 |c BK 
999 |c 124593  |d 124593 
952 |0 0  |1 0  |2 ddc  |4 0  |6 616_075000000000000_MAR_C  |7 0  |9 137908  |a LIF  |b LIF  |c ST1  |d 2013-03-15  |e Calicut Book Distributors  |g 1327.40  |i 2523  |j 1  |l 4  |m 5  |o 616.075 MAR/C  |p LIF2523  |r 2021-09-28  |s 2021-07-30  |w 2013-03-15  |y TXT  |k 18.99 P